100 Biggest Cities starting with C - Statistics

General Stats
  • This quiz has been taken 146 times
  • The average score is 29 of 100
Answer Stats
Population Country City % Correct
7,734,614 Egypt Cairo
99%
3,433,441 South Africa Cape Town
94%
3,000,000 Venezuela Caracas
93%
3,144,909 Morocco Casablanca
91%
1,153,615 Denmark Copenhagen
90%
4,328,063 India Chennai
85%
2,720,546 United States Chicago
85%
7,415,590 China Chengdu
81%
1,767,200 Guinea Conakry
78%
2,392,877 Colombia Cali
77%
1,087,353 Germany Cologne
77%
3,920,222 Bangladesh Chittagong
76%
7,457,600 China Chongqing
76%
648,034 Sri Lanka Colombo
74%
1,019,942 Canada Calgary
73%
1,428,214 Argentina Cordoba
73%
328,428 Spain Cordoba
73%
635,994 Moldova Chisinau
72%
850,106 United States Columbus
71%
388,072 United States Cleveland
68%
367,752 Australia Canberra
65%
363,926 New Zealand Christchurch
62%
447,287 United Kingdom Cardiff
59%
798,634 Philippines Cebu City
59%
628,306 Mexico Cancun
58%
827,097 United States Charlotte
57%
3,093,980 China Changsha
56%
1,718,421 Brazil Curitiba
55%
780,000 Benin Cotonou
52%
1,062,919 Russia Chelyabinsk
50%
312,140 Peru Cusco
50%
359,262 United Kingdom Coventry
49%
952,024 Colombia Cartagena
46%
316,748 Romania Cluj-Napoca
46%
1,031,554 Brazil Campinas
40%
809,232 Mexico Chihuahua
40%
900,414 Bolivia Cochabamba
32%
324,074 United States Corpus Christi
31%
4,193,073 China Changchun
30%
456,568 United States Colorado Springs
29%
959,823 India Coimbatore
25%
919,729 Japan Chiba
21%
949,018 China Changzhou
19%
450,097 Algeria Constantine
19%
338,650 Mexico Cuernavaca
18%
347,562 Cuba Camaguey
16%
729,151 Brazil Campo Grande
15%
1,500,000 Philippines Caloocan City
13%
960,787 India Chandigarh
13%
521,934 Brazil Cuiaba
12%
721,398 Colombia Cucuta
11%
550,000 South Korea Changwon
10%
446,781 Russia Cheboksary
10%
315,738 Russia Cherepovets
10%
577,375 Peru Chiclayo
10%
320,782 Paraguay Ciudad del Este
10%
675,773 Mexico Culiacan
10%
445,103 Philippines Cagayan de Oro
8%
813,264 Peru Callao
8%
442,156 Haiti Carrefour
8%
327,000 North Korea Chongjin
7%
746,535 Venezuela Ciudad Guayana
7%
517,780 China Changde
6%
1,047,700 China Changshu City
6%
339,067 Argentina Corrientes
6%
348,936 Brazil Campina Grande
4%
527,681 China Cangzhou
4%
634,596 South Korea Cheongju-si
4%
580,000 India Cuttack
4%
346,654 China Chifeng
3%
381,270 Brazil Caxias do Sul
2%
340,387 Mexico Celaya
2%
410,005 China Chaoyang
2%
449,325 China Chengde
2%
365,114 South Korea Cheonan
2%
316,966 Peru Chimbote
2%
340,360 Zimbabwe Chitungwiza
2%
489,160 Mexico Ciudad Lopez Mateos
2%
1,104,585 Mexico Ciudad Nezahualcoyotl
2%
604,696 India Cochin
2%
461,796 Nigeria Calabar
1%
316,612 Philippines Calamba
1%
328,291 Brazil Canoas
1%
493,698 Indonesia Cimahi
1%
467,157 Mexico Ciudad Apodaca
1%
627,123 Brazil Contagem
1%
620,416 Mexico Coyoacan
1%
484,573 Mexico Cuautitlan Izcalli
1%
1,871,242 Guinea Camayenne
0%
387,417 Brazil Campos dos Goytacazes
0%
792,189 Turkey Cankaya
0%
361,112 Brazil Carapicuiba
0%
328,351 India Chanda
0%
699,514 China Changzhi
0%
424,787 China Chaozhou
0%
700,000 Indonesia City of Balikpapan
0%
338,000 Venezuela Ciudad Boliviar
0%
352,444 Mexico Ciudad General Escobedo
0%
389,411 Bangladesh Comilla
0%
531,831 Mexico Cuauhtemoc
0%
No matching quizzes found
Score Distribution
Percent of People with Each Score
Percentile by Number Answered
Your Score History
You have not taken this quiz